1914 1041 1331 1042 1688 1951 1506 1333 1705 1553 1648 1432 1926 1766 1075 1077 1887 1442 1977 1549 1600 1068 1332 1304 1519 1294 1276 1199 1935 1103 1131 1000 1301 1235 1927 1942 1283 1632 1411 1653 1794 1096 1673 1271 1261 1618 1557 1410 1060 1135 1429 1513 1086 1328 1082 1428 1928 1946 1820 1207 1593 1473 1443 1007 1528 1490 1219 1670 1148 1804 1979 1106 1756 1506 1269 1657 1538 1012 1013 1485 1161 1500 1978 1686 1167 1356 1721 1051 1514 1053 1270 1646 1841 1790 1677 1397 1249 1219 1066 BCNSPRNW ULIB Ver.6.0+V

เปลี่ยนเป็นภาษาไทย

Change to English
 แสดงรายละเอียดบรรณานุกรม
  กลับหน้าหลัก

Brief Record : Get Marc (ISO 2709) : E-mail record : QR code < ปิดหน้าต่าง
LEADER : 00000nam 2200000uu 4500
001    13399108200
003     ULIB
008    110221s2552||||th 000 0 tha d
020    9786167183022
060  4 WJ300^bท187ร 2552
100 0  ทวี ศิริวงศ์
245 10 โรคไตทางคลินิก=^bClinical Nephrology/^cทวี ศิริวงศ์
246 31 Clinical Nephrology
250    พิมพ์ครั้งที่ 1
260    ขอนแก่น:^bมหาวิทยาลัยขอนแก่น,^c2552
300    191 หน้า
650  7 โรคไตทางคลินิก
650  7 โรคไต
710 2  มหาวิทยาลัยขอนแก่น^bคณะแพทย์ศาสตร์^bภาควิชาอายุรศาสตร์^bสาขาวิชาโรคไต
945    ^p0^l0^i028782
945    ^p0^l0^i028783
945    ^p0^l0^i028781
995    ทศพร
999 ^a ใช้งานได้ทุกระบบ
รายการนี้ยังไม่มีแท็ก
คุณยังไม่ได้ล็อกอิน คุณสามารถมีกิจกรรมร่วมกับเว็บไซต์ได้ แต่ต้องล็อกอินก่อน ::
  ล็อกอิน

รายการสื่อสารสนเทศ

ลำดับที่ ประเภท เลขเรียก/บาร์โค้ด สถานที่ สถานะ
- ไม่พบข้อมูล -

รายการใกล้เคียง
    ผู้แต่ง [ทวี ศิริวงศ์]

    หัวเรื่อง [โรคไตทางคลินิก]
    หัวเรื่อง [โรคไต]

BibComment


ยังไม่เคยถูกคอมเมนท์

คอมเมนท์ทรัพยากรรายการนี้
  คอมเมนท์: โรคไตทางคลินิก Cl..


 Copyright 2026. Bcnsprnw @Library